LEADER 01345nam a2200289 i 4500 001 000000194046 003 CaOOAMICUS 005 20210423104332.0 008 101103s1582 it u000 u ita u 013 $a172692 026 $aI.te r-sa toi- sin- (S) 1582 (Q) 040 $aSeMil$bita 245 10$aGuarnier Trotto per la gratia di Dio, et della Santa Sede apostolica vescovo d'Alessandria &c. 264 1$aAlessandria :$b[s.n.],$c1582. 300 $a1 foglio :$b1 stemma ;$catl. 500 $aTit. dell'intitolazione 500 $aData di emanazione in calce al documento : 17 agosto 1582 500 $aIncipit del testo: Tra molte cose che appartengono al culto ... 650 4$aAlessandria (Diocesi) - Lettere pastorali.$0(OLS)http://semarc/subject/3770 700 1 $aTrotti, Guarnero .$0(OLS)http://semarc/name/70548 773 0 $t[Lettere pastorali e documenti vari.$d[S.l. : s.n.] $w()23916 850 $aSeMil 852 $aSeMil$W1$xVenegono$y1$mFV.A V 37/4$j225642$B144620$CSeMilBibl$Z2$F155958 $8I 961 $aCinquecentina 996 $6245$aGuarnier Trotto per la gratia di Dio, et della Santa Sede apostolica vescovo d'Alessandria &c$9(OLS)http://semarc/title/279747 996 $6264$aAlessandria :$b[s.n.]$9(OLS)http://semarc/publisher/50544 LEADER 01430nam a2200313 i 4500 001 000000121409 003 CaOOAMICUS 005 20031218000000.0 008 031218s1996 it u000 u mul u 013 $a94104 020 $a88-18-70085-5 040 $aSeMil$bita 100 1 $aKant, Immanuel,$d<1724-1804>.$0(OLS)http://semarc/name/2543 245 13$aLa religione :$bentro i limiti della semplice ragione /$cImmanuel Kant ; introduzione e apparati di Massimo Roncoroni ; traduzione e note di Vincenzo Cicero. 260 $aMilano :$bRusconi Libri,$c1996. 300 $a478 p. ;$c21 cm. 490 0 $aTesti a fronte ;$v32 500 $aContiene : Bibliografia. - Testo tedesco a fronte. - Fondo Card. C.M. Martini. 650 4$aMounier, Emmanuel <1905-1950>.$0(OLS)http://semarc/subject/8502 700 1 $aCicero, Vincenzo,$d<1962- >.$0(OLS)http://semarc/name/316 700 1 $aRoncoroni, Massimo.$0(OLS)http://semarc/name/45677 830 0$aTesti a fronte ;$v32.$0(OLS)http://semarc/title/593 850 $aSeMil 852 $aSeMil$W1$xVenegono$y1$m2P I 62$j76489$B76489$CSeMilBibl$Z2$F77914 $81 941 1 $a4 961 $aOmaggio: Martini Card. Carlo Maria 996 $6020$a88-18-70085-5$9(OLS)http://semarc/number/106829 996 $6245$aLa religione :$bentro i limiti della semplice ragione$9(OLS)http://semarc/title/178725 996 $6260$aMilano :$bRusconi Libri$9(OLS)http://semarc/publisher/29846